| 000 | 00765nam a2200205 i 4500 | ||
|---|---|---|---|
| 001 | 17758 | ||
| 003 | ES-MaACL | ||
| 005 | 20251003164319.0 | ||
| 007 | t| | ||
| 008 | 010517s1912 sp ||||1| spa d | ||
| 080 | _a929 Piernas y Hurtado, José | ||
| 100 | 1 |
_aSanz y Escartín, Eduardo, _d1855-1939 _9103695 |
|
| 245 | 1 | 0 |
_aNecrología del Ilmo. Sr. D. José Piernas y Hurtado ... / _cleída ... por Eduardo Sanz y Escartín. |
| 260 |
_aMadrid : _b[s.n.], _c1912 ( _fEstablecimiento Tipográfico de Jaime Ratés) |
||
| 300 |
_a19 p. ; _c27 cm. |
||
| 600 | 1 | 4 |
_aPiernas y Hurtado, José Manuel, _d1843-1911 _991943 |
| 710 | 2 |
_aReal Academia de Ciencias Morales y Políticas (España) _9222050 |
|
| 852 |
_aES-MaACL _j2165-F-14 |
||
| 999 |
_c17758 _d17758 |
||